The light and the glory / (Record no. 5520)
[ view plain ]
| 000 -LEADER | |
|---|---|
| fixed length control field | 02300cam a2200457 i 4500 |
| 001 - CONTROL NUMBER | |
| control field | 3002388 |
| 003 - CONTROL NUMBER IDENTIFIER | |
| control field | OCoLC |
| 005 - DATE AND TIME OF LATEST TRANSACTION | |
| control field | 20190104172445.0 |
| 008 - FIXED-LENGTH DATA ELEMENTS--GENERAL INFORMATION | |
| fixed length control field | 770511t19771977nju b 001 0 eng |
| 020 ## - INTERNATIONAL STANDARD BOOK NUMBER | |
| International Standard Book Number | 0800708865 : |
| Terms of availability | $9.95 |
| 020 ## - INTERNATIONAL STANDARD BOOK NUMBER | |
| International Standard Book Number | 9780800708863 |
| 020 ## - INTERNATIONAL STANDARD BOOK NUMBER | |
| International Standard Book Number | 0800770447 |
| 020 ## - INTERNATIONAL STANDARD BOOK NUMBER | |
| International Standard Book Number | 9780800770440 |
| 020 ## - INTERNATIONAL STANDARD BOOK NUMBER | |
| International Standard Book Number | 0800750543 |
| 020 ## - INTERNATIONAL STANDARD BOOK NUMBER | |
| International Standard Book Number | 9780800750541 |
| 035 ## - SYSTEM CONTROL NUMBER | |
| System control number | (OCoLC)3002388 |
| Canceled/invalid control number | (OCoLC)8916753 |
| -- | (OCoLC)41254650 |
| 040 ## - CATALOGING SOURCE | |
| Original cataloging agency | DLC |
| Language of cataloging | eng |
| Transcribing agency | DLC |
| Modifying agency | VCB |
| -- | CBF |
| -- | BAKER |
| -- | BUR |
| -- | BTCTA |
| -- | YDXCP |
| -- | OCLCG |
| -- | OCLCQ |
| -- | RTOPP |
| -- | HNW |
| -- | OCLCF |
| -- | OCLCQ |
| -- | MXL |
| -- | OCL |
| -- | UtOrBLW |
| 043 ## - GEOGRAPHIC AREA CODE | |
| Geographic area code | n-us--- |
| 050 00 - LIBRARY OF CONGRESS CALL NUMBER | |
| Classification number | E189 |
| Item number | .M36 |
| 082 00 - DEWEY DECIMAL CLASSIFICATION NUMBER | |
| Classification number | 209.73 |
| Item number | M367L |
| 100 1# - MAIN ENTRY--PERSONAL NAME | |
| Personal name | Marshall, Peter, |
| Dates associated with a name | 1940- |
| 245 14 - TITLE STATEMENT | |
| Title | The light and the glory / |
| Statement of responsibility, etc. | Peter Marshall, David Manuel |
| 264 #1 - PRODUCTION, PUBLICATION, DISTRIBUTION, MANUFACTURE, AND COPYRIGHT NOTICE | |
| Place of production, publication, distribution, manufacture | Old Tappan, N.J. : |
| Name of producer, publisher, distributor, manufacturer | Revell, |
| Date of production, publication, distribution, manufacture, or copyright notice | [1977] |
| 264 #4 - PRODUCTION, PUBLICATION, DISTRIBUTION, MANUFACTURE, AND COPYRIGHT NOTICE | |
| Date of production, publication, distribution, manufacture, or copyright notice | ©1977 |
| 300 ## - PHYSICAL DESCRIPTION | |
| Extent | 384 pages ; |
| Dimensions | 24 cm |
| 336 ## - CONTENT TYPE | |
| Content type term | text |
| Content type code | txt |
| Source | rdacontent |
| 337 ## - MEDIA TYPE | |
| Media type term | unmediated |
| Media type code | n |
| Source | rdamedia |
| 338 ## - CARRIER TYPE | |
| Carrier type term | volume |
| Carrier type code | nc |
| Source | rdacarrier |
| 504 ## - BIBLIOGRAPHY, ETC. NOTE | |
| Bibliography, etc. note | Includes bibliographical references (pages 371-378) and index |
| 505 0# - FORMATTED CONTENTS NOTE | |
| Formatted contents note | 1. Christ-bearer -- 2. "If Gold Be Your Almighty" -- 3. Blessed Be the Martyrs -- 4. "Damn Your Souls! Make Tobacco!" -- 5. To the Promised Land -- 6. "God Our Maker Doth Provide" -- 7. Thy Kingdom Come -- 8. A City Upon a Hill -- 9. The Puritan Way -- 10. The Pruning of the Lord's Vineyard -- 11. God's Controversy With New England -- 12. "As a Roaring Lion" -- 13. A Sunburst of Light -- 14. "No King But King Jesus!" -- 15. "If They Want to Have a War" -- 16. "Give 'Em Watts, Boys!" -- 17. The Crucible of Freedom -- 18. "Except the Lord Build the House." |
| 520 ## - SUMMARY, ETC. | |
| Summary, etc. | Uses a Christian perspective to examine the history of America from the first voyage of Columbus to the aftermath of the Revolutionary War, with an emphasis on faithfulness to God's word |
| 650 #0 - SUBJECT ADDED ENTRY--TOPICAL TERM | |
| Topical term or geographic name entry element | History |
| General subdivision | Religious aspects |
| -- | Christianity |
| 650 #0 - SUBJECT ADDED ENTRY--TOPICAL TERM | |
| Topical term or geographic name entry element | Providence and government of God |
| General subdivision | Christianity |
| 651 #0 - SUBJECT ADDED ENTRY--GEOGRAPHIC NAME | |
| Geographic name | United States |
| General subdivision | History |
| Chronological subdivision | Colonial period, ca. 1600-1775 |
| 651 #0 - SUBJECT ADDED ENTRY--GEOGRAPHIC NAME | |
| Geographic name | United States |
| General subdivision | History |
| Chronological subdivision | Revolution, 1775-1783 |
| 651 #0 - SUBJECT ADDED ENTRY--GEOGRAPHIC NAME | |
| Geographic name | United States |
| General subdivision | Church history |
| Chronological subdivision | To 1775 |
| 655 #7 - INDEX TERM--GENRE/FORM | |
| Genre/form data or focus term | Church history. |
| Source of term | fast |
| Authority record control number or standard number | (OCoLC)fst01411629 |
| 655 #7 - INDEX TERM--GENRE/FORM | |
| Genre/form data or focus term | History. |
| Source of term | fast |
| Authority record control number or standard number | (OCoLC)fst01411628 |
| 700 1# - ADDED ENTRY--PERSONAL NAME | |
| Personal name | Manuel, David, |
| Relator term | author |
| 942 ## - ADDED ENTRY ELEMENTS (KOHA) | |
| Source of classification or shelving scheme | Dewey Decimal Classification |
| Koha item type | Books |
| Withdrawn status | Lost status | Source of classification or shelving scheme | Damaged status | Not for loan | Collection code | Home library | Current library | Shelving location | Date acquired | Cost, normal purchase price | Total Checkouts | Full call number | Barcode | Date last seen | Price effective from | Koha item type |
|---|---|---|---|---|---|---|---|---|---|---|---|---|---|---|---|---|
| Dewey Decimal Classification | Non-fiction | Harvest Mission College | Harvest Mission College | General Stacks | 04.01.2019 | 650.00 | 209.73 M367L | 006301 | 04.01.2019 | 04.01.2019 | Books |
